UM Logo

Qualities of Lupong Tagapamayapa at Barangay Poblacion, Matanao Davao del Sur/ (Record no. 1824)

MARC details
000 -LEADER
fixed length control field 00487nam a22001337a 4500
008 - FIXED-LENGTH DATA ELEMENTS--GENERAL INFORMATION
fixed length control field 160416b xxu||||| |||| 00| 0 eng d
082 ## - DEWEY DECIMAL CLASSIFICATION NUMBER
Edition number 2005
Classification number UT 0127
Item number M36
100 ## - MAIN ENTRY--PERSONAL NAME
9 (RLIN) 5788
Personal name Martinez, Iris Jane G.
245 ## - TITLE STATEMENT
Title Qualities of Lupong Tagapamayapa at Barangay Poblacion, Matanao Davao del Sur/
Statement of responsibility, etc. Iris Jane G. Martinez.
260 ## - PUBLICATION, DISTRIBUTION, ETC. (IMPRINT)
Place of publication, distribution, etc. Digos City:
Name of publisher, distributor, etc. UMDC
Date of publication, distribution, etc. March 2005.
300 ## - PHYSICAL DESCRIPTION
Extent 44 pages.
Dimensions 29 cm.
650 #0 - SUBJECT ADDED ENTRY--TOPICAL TERM
9 (RLIN) 5789
Topical term or geographic name as entry element Liberal Arts
Form subdivision Political Science
General subdivision Undergraduate thesis.
942 ## - ADDED ENTRY ELEMENTS (KOHA)
Source of classification or shelving scheme Dewey Decimal Classification
Koha item type Undergraduate Thesis
Holdings
Withdrawn status Lost status Source of classification or shelving scheme Damaged status Not for loan Collection code Home library Current library Date acquired Total Checkouts Full call number Barcode Date last seen Price effective from Koha item type
    Dewey Decimal Classification     Undergraduate Theses UM Digos College - LIC UM Digos College - LIC 04/16/2016   UT 0127 M36 2005 UT0127 04/16/2016 04/16/2016 Undergraduate Thesis